000 00800cam a2200253 4500
001 sa 68013810
003 DLC
005 20260227112626.0
008 691209s1966 ii 100 0 eng
010 _asa 68013810
025 _aPL480:I-E-10208
040 _aDLC
_cDLC
_dDLC
050 0 0 _aHD9886.I42
_bS9 1966
082 0 0 _a338.4/7/6770954
111 2 _aSymposium on How Can the Textile Industry Reduce its Imports and Increase its Exports,
_cAhmedabad,
_d1966.
245 0 0 _aProceedings.
260 _a[Ahmedabad]
_bAhmedabad Textile Industry's Research Association
_c[1966]
300 _a46 p.
_c26 cm.
350 _a8.00
500 _aCover title.
650 0 _aTextile industry
_zIndia.
650 0 _aCotton trade
_zIndia.
710 2 _aAhmedabad Textile Industry's Research Association.
999 _c85362
_d85362